000 01350cam a2200361 i 4500
001 2235596
005 20260508163122.0
008 790214s1978 cauaf b 001 0 eng
010 _a 76052031
020 _a0520034317
020 _a9780520034310
035 _a2235596
040 _aDLC
_cDLC
_dDLC
043 _aa-ii---
050 0 0 _aDS432.K29
_bL46
084 _aY58235:1.225 L8;R0 (RR)
_qCRL
100 1 _aLeonard, Karen Isaksen,
_d1939-
_91238911
245 1 0 _aSocial history of an Indian caste :
_bthe Kayasths of Hyderabad
250 _a3rd ed.
260 _aBerkeley :
_bUniversity of California Press,
_c2020.
300 _axvii, 353 p., [1] leaf of plates :
_bill. ;
_c24 cm.
336 _atext
_btxt
_2rdacontent
337 _aunmediated
_bn
_2rdamedia
338 _avolume
_bnc
_2rdacarrier
500 _aIncludes index.
504 _aBibliography: p. 313-330.
650 0 _aKayasthas
_91238912
651 0 _aHyderabad (India : State)
_xPolitics and government.
_91238913
906 _a7
_bcbc
_corignew
_d2
_eocip
_f19
_gy-gencatlg
942 _2CC
_cREF
_e3rd Ed.
_hY58235:1.225 L8;R0 (RR)
999 _c1848604
_d1848604